000 00203nam a22000977a 4500
003 SGT
245 _aOral Diseases
260 _bWiley Black well
_c2013-2016
300 _a830,826,676,814
942 _2ddc
_cBV
999 _c30100
_d30100